000 00580nam a2200193Ia 4500
003 LK-CoDNM
005 20241211091041.0
008 010623t1942 xxu||||| |||| 00| 1 sin d
040 _aLK-CoDNM
_dLK-CoDNM
_eLK-CoDNM
041 _asin
080 _a954.87
_bMAN
100 _aMandis,G.C.
245 _aලංකා ඉතිහාසය පූර්ව භාගය හෙවත් දඹදිව සාමය
246 _aLanka Itihasaya Purwa Bhagaya Hewath Dabadiwa Samaya
260 _c1942
300 _b215p. : ill , map ; 18 cm
650 _aHistry
942 _cBK
999 _c100173
_d100173